000 00850nas a2200289 4500
001 BR0701600
003 BR-BrBNA
005 20231205110649.0
007 ta
008 230509b bl.|||p| |||| 00| 00por d
040 _aBR-BrBNA
_bpor
_cBiblioteca Nacional de Agricultura
041 _a(Pt)
072 _aQ02
100 1 _aFernandes, G.
100 1 _aYoshida, L.M.
100 1 _aFinzer, J.R.D.
100 1 _aLimaverde, J.R.
100 1 _aValduga, A.T.
245 1 _aCaracterização física e química dos frutos de erva-mate e extração dos componentes solúveis
650 _aMATE
650 _aCOMPOSIÇÃO QUÍMICA
650 _aEXTRAÇÃO
650 _aCAFEÍNA
773 0 _tFAZU em Revista (Brazil)
_xISSN 1806-1699
_g(2006), (no. 3) p. 36-42
_wBR0701600
909 _a202311
_bLúcia
_c55
_dLúcia Elande
942 _2AGRIS
_n0
_cANA
999 _c188435
_d188435